00425nam a2200169Ia 4500003000400000008004100004040001600045082001300061100002100074245004700095260003800142300000900180650000900189650001300198650001300211650003100224GCL140319s9999 xx 000 0 eng d aGCL / cGCL04a759bM M1 aMONSEL, PHILIPPE10aMAGRITTE, 1898 - 1967 / cMONSEL, PHILIPPE a[S.N] : bCERCLE D' ART ، c1995 a63 P04aARTS04aPAINTING04aPAINTERS04aMAGRITTE, RENE (1898-1967)